000 00501nam a2200205Ia 4500
005 20250425161454.0
008 250425s9999 xx 000 0 und d
020 _a0136869238
041 _aeng
082 _a621.381528
100 _aOXNER, EDWIN S.
245 0 _aPOWER FETS AND THEIR APPLICATIONS
250 _aS.E.
260 _aEstados Unidos
_bPRENTICE HALL
_c1982
260 _aS.L.
300 _a313
650 _aCIRCUITOS DE TRANSISTORES-DISEÑO
942 _c01
010 _a21114
999 _c209969
_d209969